000 00727cam a2200229 4500
001 WB3633-23
008 000000n2000 000 0 eng u
035 _a(Sirsi) u107889
245 _aHealthy market for private housing
260 _c2000
490 _aYorkshire Post
_v16 August 2000, 16(1)
520 _aA recent report shows that the UK private housing rental sector is flourishing, with an 8% increase in rental levels throughout the country.
590 _aWB
650 _aHOUSING MARKET
650 _aLETTINGS MARKET
650 _aPRIVATE RENTED SECTOR
650 _aSUPPLY AND DEMAND
650 _aBUY-TO-LET
650 _aRESIDENTIAL LETTINGS
690 _aHOUSING-PRIVATE RENTED SECTOR
942 _n0
999 _c64442
_d64442